An introduction to fluid mechanics and heat transfer : with applications in chemical & mechanical process engineering /
Guardado en:
| Autor Principal: | |
|---|---|
| Otros Autores: | |
| Formato: | Libro |
| Idioma: | English |
| Publicado: |
London :
Cambridge University Press,
c1974.
|
| Edición: | 3d ed. |
| Materias: | |
| Etiquetas: |
Agregar Etiqueta
Sin Etiquetas, Sea el primero en etiquetar este registro!
|
| LEADER | 01313cam a22003255a 4500 | ||
|---|---|---|---|
| 001 | EIQ.libpla000411 | ||
| 008 | 750227s1974####enka#####b####001#0#eng#d | ||
| 005 | 20080528173114.0 | ||
| 245 | 1 | 3 | |a An introduction to fluid mechanics and heat transfer : |b with applications in chemical & mechanical process engineering / |c by J. M. Kay and R. M. Nedderman. |
| 250 | |a 3d ed. | ||
| 260 | |a London : |b Cambridge University Press, |c c1974. | ||
| 300 | |a xvi, 322 p. : |b il. ; |c 23 cm. | ||
| 500 | |a "Based on lectures which have been given in the Department of Chemical Engineering at Cambridge over a period of years". | ||
| 504 | |a Incluye referencias bibliográficas e índice. | ||
| 020 | |a 0521098807 (pbk.) | ||
| 100 | 1 | |a Kay, J. M. |q (John Menzies) | |
| 700 | 1 | |a Nedderman, R. M. | |
| 740 | |a Fluid mechanics and heat transfer. | ||
| 082 | 0 | 0 | |a 532 |
| 650 | 4 | |a Calor |x Transferencia. | |
| 650 | 4 | |a Mecánica de fluidos |x Teoría. | |
| 650 | 4 | |a Ingeniería mecánica |x Aplicaciones. | |
| 650 | 4 | |a Ingeniería química |x Aplicaciones. | |
| 650 | 4 | |a Fluid mechanics |x Theory. | |
| 650 | 4 | |a Mechanical engineering |x Applications. | |
| 650 | 4 | |a Chemical engineering |x Aplications. | |
| 650 | 4 | |a Heat |x Transfer. | |
| 010 | |a 74077383 | ||
| 040 | |a DLC |c DLC |d AR-BbSID | ||
| 859 | |a AR-BbSID |b BIB. PLAPIQUI |h 532.051 |i K 18 |p 2325 | ||
